Orientation urbaine : sauras-tu situer ces villes ? - Statistiques

Statistiques générales
  • Ce quiz a été pris 72 fois
  • Le résultat moyen est 6 sur 15
Statistiques - réponses
Question Réponse % Correct
Quelle ville est la plus au nord ? Genève (Suisse)
68%
Quelle ville est la plus au nord ? Chicago (USA)
59%
Quelle ville est la plus au sud ? Alger (Algérie)
57%
Quelle ville est la plus à l’ouest ? Bilbao (Espagne)
57%
Quelle ville est la plus au nord ? New York (États-Unis)
57%
Quelle ville est la plus au sud ? Auckland (Nouvelle-Zélande)
54%
Quelle ville est la plus au sud ? Casablanca (Maroc)
54%
Quelle ville est la plus à l’est ? Nairobi (Kenya)
45%
Quelle ville est la plus à l’ouest ? Reykjavik (Islande)
42%
Quelle ville est la plus au nord ? Milan (Italie)
28%
Quelle ville est la plus au nord ? Berlin (Allemagne)
17%
Quelle ville est la plus à l’ouest ? Helsinki (Finlande)
14%
Quelle ville est la plus au nord ? Lisbonne (Portugal)
14%
Quelle ville est la plus au sud ? Buenos Aires (Argentine)
13%
Quelle ville est la plus au nord ? Nice
4%
Aucun quiz correspondant
Distribution des résultats
% des personnes avec chaque résultat
Percentile par nombre de réponses
Votre historique - résultats
Vous n’avez pas pris ce quiz